Tiziano, hacia 1490-1576
Guardat en:
| Autor principal: | |
|---|---|
| Format: | Llibre |
| Idioma: | espanyol |
| Publicat: |
Colonia
Taschen
2006
|
| Matèries: | |
| Etiquetes: |
Afegir etiqueta
Sense etiquetes, Sigues el primer a etiquetar aquest registre!
|
MARC
| LEADER | 00000nam a2200000 a 4500 | ||
|---|---|---|---|
| 001 | UCG7189 | ||
| 003 | CL-VaPUC | ||
| 008 | 110624e20060000GW |||||||||||||||||spa|d | ||
| 020 | |a 3822849146 | ||
| 082 | 0 | 4 | |a 750 |b KEN |2 21 |
| 100 | 0 | |a Kennedy, Ian G |e author |9 557825 | |
| 245 | 1 | 0 | |a Tiziano, hacia 1490-1576 |
| 300 | |a 96 p | ||
| 942 | |c BK | ||
| 945 | |d 20110624 00:00:00 |a dcastane | ||
| 260 | |a Colonia |b Taschen |c 2006 | ||
| 600 | 0 | 7 | |a TIZIANO VERELLIO |2 CL-VaPUC |9 557826 |
| 650 | 0 | |a Pintura |9 265046 | |
| 650 | 0 | |a Pintura italiana |9 265293 | |
| 650 | 0 | |a Pintores italianos |9 265277 | |
| 650 | 0 | |a Pintura renacentista |9 266314 | |
| 583 | |a last modification |c 20110624 00:00:00 |k Rodrigo Vera | ||
| 999 | |c 345253 |d 345251 | ||
| 952 | |0 0 |1 0 |4 0 |6 750_000000000000000_KEN_2006 |7 0 |8 C |9 443735 |a BIBCUR |b BIBCUR |d 2019-11-22 |i 4785835 |l 3 |o 750 KEN 2006 |p 4785835 |r 2025-04-22 |s 2024-07-31 |w 2019-11-22 |y BK |k CAC | ||